000 00523nam a2200181Ia 4500
005 20250508151118.0
008 008 250505s9999 xx 000 0 eng d
037 _aReference
040 _aFEDL
_beng
_cFEDL
041 _aeng
_2eng
084 _a808.8, EDW
_qFEDL
100 _aEdwards Tryon
245 0 _aNew dictionary of thoughts : A cyclopedia of quotations
260 _aNew York, USA
_bStandard Book Company
_c1953
300 _axxxv,746p.
942 _cREF
_h808.8, EDW
999 _c1327649
_d1327649